Podpora využitia obnoviteľných zdrojov energie

Prínosy využitia obnoviteľných zdrojov energie (OZE). Ciele energetickej politiky Slovenska stanovené v súlade s napĺňaním cieľov EÚ. Nová energetická politika SR schválená v r. 2004. Opatrenia na racionálne využívanie OZE v SR.

Guardado en:
Detalles Bibliográficos
Autor principal: Stričík, Michal, 1969-
Formato: Capítulo de libro
Lenguaje:eslovaco
Materias:
Etiquetas: Agregar Etiqueta
Sin Etiquetas, Sea el primero en etiquetar este registro!

MARC

LEADER 00000naa a2200000 4500
001 0211617
005 20240502073529.4
041 0 |a slo 
044 |a SK 
245 1 0 |a Podpora využitia obnoviteľných zdrojov energie  |c Michal Stričík 
520 |a Prínosy využitia obnoviteľných zdrojov energie (OZE). Ciele energetickej politiky Slovenska stanovené v súlade s napĺňaním cieľov EÚ. Nová energetická politika SR schválená v r. 2004. Opatrenia na racionálne využívanie OZE v SR. 
610 2 0 |a energetika 
610 2 0 |a zdroje energie obnoviteľné 
610 2 0 |a zdroje energie prírodné 
610 2 0 |a energia tepelná 
610 2 0 |a energia elektrická 
610 2 0 |a regulácia cenová 
610 2 0 |a legislatíva 
610 2 0 |a politika energetická 
610 2 0 |a Slovensko 
100 1 |a Stričík, Michal, 1969-